00627nam a2200193Ia 4500008004100000050001200041050001500053100002600068245013800094245002600232260003100258260001000289260001000299300001500309300002000324300001100344500005600355521002200411170504s9999 xx 000 0 und d aRJ 506  b.T161 2016 aTan, Angelica Rose L. 2aA case study on the effects of lip reading as a technique in improving the communication skills of students with hearing impairment / cAngelica Rose L. Tan. aLas Piñas, Philippines : bSISC, c2016. a70 pages : billustrations ; c28 cm. aIncludes bibliographical references and appendices. aSpecial Education